The construct and reality of managing tertiary institution in multicutural setting in a digital Age. (Record no. 43036)

MARC details
000 -LEADER
fixed length control field 00505nam a2200181Ia 4500
020 ## - INTERNATIONAL STANDARD BOOK NUMBER
ISBN 9789787927656
050 ## - CALL MARK
Classification number KZ 320.O5/
100 ## - STATEMENT OF RESPONSIBILITY--MAIN AUTHOR NAME
Personal name Olayemi D.Akinwumi
245 #4 - TITLE STATEMENT
Title The construct and reality of managing tertiary institution in multicutural setting in a digital Age.
260 ## - PUBLICATION, DISTRIBUTION, ETC. (IMPRINT)
Place of publication Lokoja
260 ## - PUBLICATION, DISTRIBUTION, ETC. (IMPRINT)
Name of publisher Fed UNI printing press , Lokoja.
260 ## - PUBLICATION, DISTRIBUTION, ETC. (IMPRINT)
Year of publication 2022
300 ## - PHYSICAL DESCRIPTION
Number of Pages 284 p
650 ## - SUBJECT ADDED ENTRY--TOPICAL TERM
Topical Term Lokoja
942 ## - ADDED ENTRY ELEMENTS (KOHA)
Koha item type Books

No items available.